Регионална библиотека "Любен Каравелов" - Русе

Малка соленка (Запис номер 327486)

MARC детайли
000 -Лидер
Контролно поле с фиксирана дължина 01516nam a2200313 a 4500
003 - Код на организацията, давaща контролен номер
Контролно поле BLK
005 - Дата и час на последна редакция
Контролно поле 20250108181525.0
008 - Елементи от данни с фиксирана дължина
fixed length control field 181210b bu a|||br|||| 00| 0 bu d
020 ## - Международен стандартен номер на книга ISBN
Международен стандартен номер на книга ISBN 9786197131314
040 ## - Източник на каталожния запис
Идентификатор на билиотеката - собственик на записа BLK
041 ## - Код за език
Код за езика на текст/звукозапис или на отделно заглавие Български
Код за езика КДБФ Български
080 ## - УДК
Текстов определител УДК Приготвяне на храна(общи въпроси). Рецепти. Готварски книги
УДК код - определител по УДК 641.55
УДК определител :087.5
УДК - код + определител 641.55:087.5
100 ## - Редна дума - Автор
R(LIN) 383382
Автор Тужарова, Кристина
Авторска отговорност първи автор
139 ## - Редно поле
Редна дума Тужарова, Кристина
Авторски знак Ту - Т 88
245 ## - Сведения за заглавието
Заглавие Малка соленка
Подзаглавни данни 36 вкусни рецепти за приготвяне от деца
Редно поле (дума) рецепти Кристина Тужарова ; текст Катя Антонова, Кристина Тужарова ; ил. Кристина Тужарова
260 ## - Област на издателските данни
9 (RLIN) 219624
Място на издаване, разпространение и проч. София
Име на издателя, разпространителя и проч. Рибка
Година на издаване 2018
Печатница Мултипринт ЕООД
Дата на отпечатване 2018
300 ## - Физическа характеристика
Страници 92 с.
Илюстрации и др. с цв. ил.
Размери/Мащаб 23Х23 см
380 ## - Жанр
Жанр Детска отраслова лит.
500 ## - Общи забележки
Забележка Катя Антонова - псевд. на Екатерина Николова Борисова<br/>Биогр. данни за авт. отбелязани на гърба на кор.
650 #7 - Допълнително описание по предмет – тема
9 (RLIN) 169391
Основно описание – тема или топоним Рецепти
653 #7 - Ключова дума – ненормативна
9 (RLIN) 184884
Ключова дума деца
653 #7 - Ключова дума – ненормативна
9 (RLIN) 184279
Ключова дума готварство
700 ## - Други автори (авторска отговорност)
Лично име Антонова, Катя
Автороска отговорност (Описва отношението между автора и произведението) съавт.
9 (RLIN) 1445
852 ## - Местоположение
Форматна сигнатура Цб 292249
999 ## - СИСТЕМНИ КОНТРОЛНИ НОМЕРА
Koha biblionumber 327486
Koha biblioitemnumber 327486
942 ## - АРТИКУЛИ
Вид на библиотечния материал Книги
Скрит в OPAC Не
Периодичен библиозапис Да
Koha issues (borrowed), all copies 39
944 ## - СЪЗДАВАНЕ И РЕДАКЦИЯ на ЗАПИСА
Създаване/Редакция Създаване
Дата на регистрацията/редакция 2018-12-10
Служител, извършил регистрацията/редакцията 30537
Статус, дата на статуса Грета Цуфелде
999 ## - СИСТЕМНИ КОНТРОЛНИ НОМЕРА
Koha biblioitemnumber 327486
999 ## - СИСТЕМНИ КОНТРОЛНИ НОМЕРА
Koha biblioitemnumber 327486
Наличности
Код за отписване Код за изгубен артикул Източник на класификационната схема Код за повреда Коз за рестрикции Код за отдаване Артикулен № Име на библиотеката - собственик Име на библиотеката, в която се намира в момента Статус (Текущо местоположение) Дата на вписване в системата Местоположение - отдел Цена в лева Систематично азбучна сигнатура Баркод Цена в евро Служебен тип на артикула
  Не е изгубен Universal Decimal Classification Не е повреден без рестрикции ползва се в читалня 685999 Регионална библиотека "Любен Каравелов" Русе Регионална библиотека "Любен Каравелов" Русе Хранилище 2018-12-12 Хранилище 26.00 Цб 292249 120000827256 13.29 Книги
  Не е изгубен Universal Decimal Classification Не е повреден без рестрикции заемане за дома 800750 Регионална библиотека "Любен Каравелов" Русе Регионална библиотека "Любен Каравелов" Русе Детски отдел 2020-09-26 Детски отдел 18.20 64/Т 88 К 120000847863 9.31 Книги
  Не е изгубен Universal Decimal Classification Не е повреден без рестрикции заемане за дома 800751 Регионална библиотека "Любен Каравелов" Русе Регионална библиотека "Любен Каравелов" Русе Детски отдел 2020-09-26 Детски отдел 18.20 64/Т 88 К 120000847864 9.31 Книги
Vip Innovations Ltd, Rousse, Bulgaria 2025